banner koha

Composicao, abundancia e distribuicao espacial do zooplancton no complexo estuarino de Paranagua durante o inverno de 1993 e o verao de 1994 (Registro n. 162559)

MARC details
000 -LÍDER
campo de controle de tamanho fixo 00836nas a2200265 4500
001 - NÚMERO DE CONTROLE
campo de controle BR9904339
003 - IDENTIFICADOR DO NÚMERO DE CONTROLE
campo de controle BR-BrBNA
005 - DATA E HORÁRIO DA ÚLTIMA TRANSAÇÃO
campo de controle 20231205101549.0
007 - CAMPO FIXO DE DESCRIÇÃO FÍSICA--INFORMAÇÃO GERAL
campo de controle de tamanho fixo ta
008 - CAMPO DE DADOS FIXOS--INFORMAÇÃO GERAL
campo de controle de tamanho fixo 230509b bl.|||p| |||| 00| 00por d
040 ## - FONTE DA CATALOGAÇÃO
Instituição da catalogação original BR-BrBNA
Idioma da catalogação por
Instituição que transcreveu o registro Biblioteca Nacional de Agricultura
041 ## - CÓDIGO DE IDIOMA
Código do idioma do texto/trilha sonora ou título diferente (En)
072 ## - CÓDIGO DE CATEGORIA DE ASSUNTO
Código de Categoria de Assunto M40
100 1# - ENTRADA PRINCIPAL--NOME PESSOAL
Nome pessoal Lopes, R.M.
100 1# - ENTRADA PRINCIPAL--NOME PESSOAL
Nome pessoal Vale, R. do
100 1# - ENTRADA PRINCIPAL--NOME PESSOAL
Nome pessoal Brandini, F.P.
245 1# - TÍTULO
Título Composicao, abundancia e distribuicao espacial do zooplancton no complexo estuarino de Paranagua durante o inverno de 1993 e o verao de 1994
650 ## - ASSUNTO--TERMO TÓPICO
Cabeçalho tópico ou nome geográfico Crustaceo
650 ## - ASSUNTO--TERMO TÓPICO
Cabeçalho tópico ou nome geográfico Zooplancton
650 ## - ASSUNTO--TERMO TÓPICO
Cabeçalho tópico ou nome geográfico Estuario
650 ## - ASSUNTO--TERMO TÓPICO
Cabeçalho tópico ou nome geográfico Sul
773 0# - ENTRADA ANALÍTICA
Título Revista Brasileira de Oceanografia (Brazil)
ISSN - International Standard Serial Number ISSN 1413-7739
Partes relacionadas (1998), v. 46(2) p. 195-211
Número de controle do registro BR9904339
909 ## -
-- 202311
-- Lúcia
-- 55
-- Lúcia Elande
942 ## - ELEMENTOS DE ENTRADA ADICIONADOS (KOHA)
Fonte da classificação ou esquema de arquivamento na estante Classificação AGRIS
Ocultar no OPAC Não
Tipo de material Koha Analítica
Exemplares
Situação do descarte Fonte da classificação ou esquema de arquivamento na estante Situação física Não pode ser emprestado Biblioteca de origem Biblioteca atual Localização na estante Enumeração do periódico / cronologia Total de empréstimos Data de último acesso Número do exemplar Tipo de material Koha Fonte de aquisição
  Classificação AGRIS   Consulta local Biblioteca Nacional de Agricultura - Binagri Biblioteca Nacional de Agricultura - Binagri   (1998), v. 46(2) p. 195-211   29/11/2023 01 Periódicos Portaria Interministerial nº 164/94

BINAGRI

Telefone: (61)3218-2567/2388/3357/2097 - binagri@agro.gov.br

Ministério da Agricultura e Pecuária , Esplanada dos Ministérios, Bloco D, Anexo B, Brasília/DF, CEP: 70.043-900